| 000 | 00416pab a2200145 454500 | ||
|---|---|---|---|
| 008 | 180718b1987 xxu||||| |||| 00| 0 eng d | ||
| 100 | _aGromley, William T. Jr. | ||
| 245 | _aIntergovernmental conflict on environmental policy the attitudinal connection | ||
| 260 | _c1987 | ||
| 300 | _a285-303 | ||
| 362 | _aJune | ||
| 650 | _aEnvironmental Policy - U.S.A. | ||
| 773 | _aWestern Political Quarterly | ||
| 909 | _a7796 | ||
| 999 |
_c7796 _d7796 |
||